Vista normal Vista MARC

Entrada Meeting Name

Número de registros utilizados en: 1

001 - CONTROL NUMBER

  • control field: 38527

003 - CONTROL NUMBER IDENTIFIER

  • control field: OSt

005 - DATE AND TIME OF LATEST TRANSACTION

  • control field: 20210716114229.0

008 - FIXED-LENGTH DATA ELEMENTS

  • fixed length control field: 210716|| aca||aabn | a|a d

040 ## - CATALOGING SOURCE

  • Original cataloging agency: OSt
  • Transcribing agency: OSt

111 ## - HEADING--MEETING NAME

  • Meeting name or jurisdiction name as entry element: Convención Bancaria y de Instituciones Financieras
  • Number of part/section/meeting: (21ra:
  • Date of meeting or treaty signing: 1983:
  • Location of meeting: Cartagena, Colombia)

670 ## - SOURCE DATA FOUND

  • Source citation: Work cat.: (OSt)11957: Convención Bancaria y de Instituciones Financieras (21ra: 1983: Cartagena, Colombia), La coyuntura del sector externo colombiano y la movilización del ahorro interno, 1983.